[Event "TUR Cup										"]
[Site "Antalya"]
[Date "2018.01.31"]
[Round "7"]
[White "Ucucu, Salih"]
[Black "Kaya, Mehmet Roni"]
[Result "1-0"]
[WhiteElo "1739"]
[BlackElo "1571"]
[PlyCount "81"]
[EventDate "2018.01.27"]
[EventType "swiss"]
[EventRounds "11"]
[EventCountry "TUR"]
[SourceTitle "CBM 182 Extra"]
[Source "ChessBase"]
[SourceDate "2018.02.23"]
[SourceVersion "1"]
[SourceVersionDate "2018.02.23"]
[SourceQuality "1"]

1. e4 e5 2. Nf3 Nc6 3. Bc4 Be7 4. d4 exd4 5. 0-0 d6 6. Nxd4 Ne5 7. Be2 Nf6 8. Nc3 Bd7 9. f4 Nc6 10. Be3 0-0 11. h3 Qc8 12. Kh2 a6 13. a4 Nxd4 14. Bxd4 c5 15. Bxf6 Bxf6 16. Nd5 Bd8 17. a5 Re8 18. Bf3 Bc6 19. Bg4 Qb8 20. Re1 Bxd5 21. Qxd5 Bf6 22. Rad1 Qc7 23. c3 Rad8 24. Be2 b5 25. axb6 Qxb6 26. Bc4 Qxb2 27. Qxf7+ Kh8 28. Rxd6 Qxc3 29. Red1 Rb8 30. R1d3 Qb2 31. Rb3 Qa1 32. Re6 Qa4 33. Rxb8 Rxb8 34. Rxf6 Qe8 35. Qxe8+ Rxe8 36. Rxa6 g6 37. e5 Rf8 38. e6 Re8 39. Ra7 Kg8 40. e7+ Kg7 41. Bb5 1-0

[Event "TUR Cup										"]
[Site "Antalya"]
[Date "2018.01.30"]
[Round "5"]
[White "Ucucu, Salih"]
[Black "Koc, Aylin"]
[Result "1-0"]
[WhiteElo "1739"]
[BlackElo "1428"]
[PlyCount "83"]
[EventDate "2018.01.27"]
[EventType "swiss"]
[EventRounds "11"]
[EventCountry "TUR"]
[SourceTitle "CBM 182 Extra"]
[Source "ChessBase"]
[SourceDate "2018.02.23"]
[SourceVersion "1"]
[SourceVersionDate "2018.02.23"]
[SourceQuality "1"]

1. e4 e5 2. Nf3 Nc6 3. Bc4 Bc5 4. c3 Nf6 5. d4 exd4 6. cxd4 Bb4+ 7. Bd2 Bxd2+ 8. Nbxd2 d5 9. exd5 Nxd5 10. Qb3 Nce7 11. 0-0 0-0 12. Rfe1 c6 13. a4 Ng6 14. Ne4 h6 15. Ne5 Nxe5 16. dxe5 Be6 17. Rad1 Qb6 18. Qg3 Kh8 19. b3 Qc7 20. Nd6 a6 21. Rc1 Qe7 22. f4 b5 23. Bxd5 Bxd5 24. Nf5 Qc7 25. Kh1 Rg8 26. Qh4 Kh7 27. Rc3 Qd7 28. Qh5 Bxg2+ 29. Kg1 Qd2 30. Ree3 Bd5 31. Qe2 Qxe2 32. Rxe2 bxa4 33. bxa4 Rgb8 34. Nd6 Rb4 35. f5 Rf4 36. e6 fxe6 37. fxe6 Raf8 38. Re1 Rf2 39. Rg3 Bxe6 40. Rxe6 Rc2 41. Re7 h5 42. Rexg7+ 1-0

[Event "TUR Cup										"]
[Site "Antalya"]
[Date "2018.01.28"]
[Round "2"]
[White "Celik, Berkay"]
[Black "Ucucu, Salih"]
[Result "1/2-1/2"]
[WhiteElo "1944"]
[BlackElo "1739"]
[PlyCount "162"]
[EventDate "2018.01.27"]
[EventType "swiss"]
[EventRounds "11"]
[EventCountry "TUR"]
[SourceTitle "CBM 182 Extra"]
[Source "ChessBase"]
[SourceDate "2018.02.23"]
[SourceVersion "1"]
[SourceVersionDate "2018.02.23"]
[SourceQuality "1"]

1. e4 d5 2. exd5 Qxd5 3. Nc3 Qd6 4. Nf3 Nf6 5. g3 Bg4 6. Bg2 c6 7. 0-0 e6 8. Re1 Nbd7 9. d4 Qc7 10. d5 Nxd5 11. Nxd5 cxd5 12. Qxd5 Be7 13. Bf4 Qxf4 14. Qxd7+ Kxd7 15. gxf4 Bxf3 16. Bxf3 Kc7 17. f5 Bc5 18. fxe6 fxe6 19. Rxe6 Rhf8 20. Kg2 Rf7 21. Rd1 Rd8 22. Rxd8 Kxd8 23. Re2 b6 24. Bg4 Re7 25. Rd2+ Kc7 26. c3 Bd6 27. Rd4 Rf7 28. Rc4+ Kb7 29. Bc8+ Kb8 30. Ba6 Bc5 31. f4 Rd7 32. Re4 Re7 33. Ra4 Rd7 34. b4 Rd2+ 35. Kf3 Bd6 36. Be2 Rc2 37. Ra3 Bxf4 38. Bd3 Bc1 39. Bxc2 Bxa3 40. Bxh7 Bb2 41. c4 Ba3 42. b5 Be7 43. Ke4 Kc7 44. Kd5 Bc5 45. h4 Bf2 46. h5 Be3 47. Bf5 Bc5 48. a4 Be3 49. Ke6 Bd4 50. Kf7 Bc3 51. Ke8 Bf6 52. Be4 Be5 53. Ke7 Bf6+ 54. Ke6 Bd4 55. Bd5 Ba1 56. Be4 Bd4 57. Bg6 Bg1 58. Kd5 Bc5 59. a5 Bg1 60. axb6+ axb6 61. Be8 Bc5 62. Ke6 Bg1 63. Bc6 Bf2 64. Be4 Be3 65. Kd5 Bc5 66. Bf5 Bg1 67. Ke6 Bf2 68. Kf7 Bd4 69. Kg6 Bc3 70. Be4 Bd4 71. Bd5 Bc3 72. Kf5 Kd6 73. Ke4 Kc5 74. Bf7 Ba1 75. Kf5 Bb2 76. Bd5 Ba1 77. Ke6 Bb2 78. Kf7 Ba1 79. Ke7 Bb2 80. Kf7 Ba1 81. Kg6 Bb2 1/2-1/2

[Event "TUR Cup										"]
[Site "Antalya"]
[Date "2018.01.28"]
[Round "3"]
[White "Ucucu, Salih"]
[Black "Buker, Muhittin"]
[Result "1/2-1/2"]
[WhiteElo "1739"]
[BlackElo "1967"]
[PlyCount "102"]
[EventDate "2018.01.27"]
[EventType "swiss"]
[EventRounds "11"]
[EventCountry "TUR"]
[SourceTitle "CBM 182 Extra"]
[Source "ChessBase"]
[SourceDate "2018.02.23"]
[SourceVersion "1"]
[SourceVersionDate "2018.02.23"]
[SourceQuality "1"]

1. e4 e5 2. Nf3 Nc6 3. d4 exd4 4. Nxd4 Bc5 5. Be3 Qf6 6. Nb5 Bxe3 7. fxe3 Qd8 8. Qg4 g6 9. Qf4 d6 10. Bc4 Ne5 11. 0-0 Qe7 12. N1c3 c6 13. Bxf7+ Kd7 14. Nd4 a6 15. Be6+ Kc7 16. Qf8 Bxe6 17. Nxe6+ Qxe6 18. Qxa8 Nd7 19. Rf2 Qe5 20. Rf7 Ne7 21. Qa7 Nb6 22. Na4 Nxa4 23. Rxe7+ Qxe7 24. Qd4 Rf8 25. Qxa4 Qf6 26. Qa5+ b6 27. Qxa6 b5 28. Qa7+ Kd8 29. h3 Qf2+ 30. Kh2 Qxc2 31. Qg7 Ke8 32. Qd4 Rf2 33. Qh8+ Rf8 34. Qd4 Rf2 35. Rg1 Ke7 36. e5 d5 37. Qb4+ Kf7 38. Qd6 Qe4 39. Qd7+ Kg8 40. e6 Qxe3 41. e7 Rxg2+ 42. Rxg2 Qe5+ 43. Kh1 Qe1+ 44. Rg1 Qe4+ 45. Kh2 Qe2+ 46. Kg3 Qe3+ 47. Kh4 Qf4+ 48. Qg4 Qf2+ 49. Rg3 Qf6+ 50. Qg5 Qd4+ 51. Rg4 Qf2+ 1/2-1/2

[Event "Ankara Baskent Univ op 2nd"]
[Site "Ankara"]
[Date "2017.07.02"]
[Round "4"]
[White "Tastan, Tuna Yasin"]
[Black "Ucucu, Salih"]
[Result "0-1"]
[WhiteElo "1559"]
[BlackElo "1632"]
[PlyCount "78"]
[EventDate "2017.06.30"]
[EventType "swiss"]
[EventRounds "9"]
[EventCountry "TUR"]
[SourceTitle "CBM 179 Extra"]
[Source "ChessBase"]
[SourceDate "2017.08.23"]
[SourceVersion "1"]
[SourceVersionDate "2017.08.23"]
[SourceQuality "1"]

1. e4 e5 2. Nf3 Nc6 3. Bc4 Bc5 4. c3 Nf6 5. d4 exd4 6. cxd4 Bb4+ 7. Bd2 Bxd2+ 8. Nbxd2 d5 9. exd5 Nxd5 10. 0-0 0-0 11. a3 Nb6 12. Rc1 Nxd4 13. Nxd4 Qxd4 14. Qc2 Nxc4 15. Nxc4 Be6 16. Ne3 c6 17. Rfd1 Qb6 18. b4 a5 19. Nc4 Bxc4 20. Qxc4 axb4 21. axb4 Rfd8 22. g3 Rxd1+ 23. Rxd1 Rd8 24. Re1 Qc7 25. Qc5 b6 26. Re7 bxc5 27. Rxc7 cxb4 28. Rxc6 Rb8 29. Rc2 b3 30. Rb2 g5 31. Kf1 Kg7 32. Ke2 Kf6 33. g4 Ke5 34. Ke3 f6 35. f3 h6 36. Kd3 Kf4 37. Ke2 Re8+ 38. Kf2 Re3 39. Kg2 Rc3 0-1